ბათუმის შოთა რუსთაველის სახელმწიფო უნივერსიტეტის ბიბლიოთეკა

საშენი მასალები და ნაკეთობები. (ბიბ.ჩანაწერი № 46936)

000 -LEADER
fixed length control field 00836nam a2200253Ia 4500
001 - CONTROL NUMBER
control field 13789
003 - CONTROL NUMBER IDENTIFIER
control field GE_BSU
008 - FIXED-LENGTH DATA ELEMENTS--GENERAL INFORMATION
fixed length control field 181216s||||||||xx |||||||||||||| ||und||
020 ## - INTERNATIONAL STANDARD BOOK NUMBER
International Standard Book Number 9789941148830.
040 ## - CATALOGING SOURCE
Transcribing agency GE_BSU
080 ## - UNIVERSAL DECIMAL CLASSIFICATION NUMBER
Universal Decimal Classification number 691(075.8)
100 ## - MAIN ENTRY--PERSONAL NAME
Personal name ნადირაძე,ა.
245 ## - TITLE STATEMENT
Title საშენი მასალები და ნაკეთობები.
245 ## - TITLE STATEMENT
Remainder of title სახელმძღვანელო.
250 ## - EDITION STATEMENT
Edition statement მეორე გამოცემა.
260 ## - PUBLICATION, DISTRIBUTION, ETC.
Place of publication, distribution, etc. თბ.
260 ## - PUBLICATION, DISTRIBUTION, ETC.
Name of publisher, distributor, etc. ტექნიკური უნივერსიტეტი.
260 ## - PUBLICATION, DISTRIBUTION, ETC.
Date of publication, distribution, etc. 2011.
300 ## - PHYSICAL DESCRIPTION
Extent 392 გვ. 20 სმ.
300 ## - PHYSICAL DESCRIPTION
Accompanying material ნახ. ცხრ.
653 ## - INDEX TERM--UNCONTROLLED
Uncontrolled term საშენი მასალები და ნაკეთობები.
942 ## - ADDED ENTRY ELEMENTS (KOHA)
Koha item type წიგნი
ეგზემპლარები
Withdrawn status Lost status Damaged status Not for loan Date acquired Barcode Date last seen Price effective from Koha item type
        2018-12-17 34637 2018-12-17 2018-12-17 წიგნი
        2018-12-17 34638 2018-12-17 2018-12-17 წიგნი
        2018-12-17 34639 2018-12-17 2018-12-17 წიგნი
        2018-12-17 34640 2018-12-17 2018-12-17 წიგნი
        2018-12-17 34641 2018-12-17 2018-12-17 წიგნი
        2018-12-17 34642 2018-12-17 2018-12-17 წიგნი
        2018-12-17 34643 2018-12-17 2018-12-17 წიგნი
        2018-12-17 34644 2018-12-17 2018-12-17 წიგნი